000 00350 a2200109 4500
001 ART_50865
005 20260410161945.0
008 260409a
245 1 0 _a"Pensar globalmente, actuar locamente". La COVID-19 y la salud laboral
100 1 _aFavier, Daniela
773 0 _tTemas de derecho laboral
_g- N° 5 (mayo 2020)
_wREV27619
999 _c29855
_d29855